ბათუმის შოთა რუსთაველის სახელმწიფო უნივერსიტეტის ბიბლიოთეკა

Зов Алазани : Шедевры грузинской поэзии в переводах русских поэтов / (ბიბ.ჩანაწერი № 45517)

000 -LEADER
fixed length control field 01401nam a2200229Ia 4500
001 - CONTROL NUMBER
control field 12342
003 - CONTROL NUMBER IDENTIFIER
control field GE_BSU
005 - DATE AND TIME OF LATEST TRANSACTION
control field 20240703145118.0
008 - FIXED-LENGTH DATA ELEMENTS--GENERAL INFORMATION
fixed length control field 181216s2013||||ru |||||||||||||| ||rus||
020 ## - INTERNATIONAL STANDARD BOOK NUMBER
International Standard Book Number 978896971024
040 ## - CATALOGING SOURCE
Transcribing agency GE_BSU
041 ## - LANGUAGE CODE
Language code of text/sound track or separate title rus
080 ## - UNIVERSAL DECIMAL CLASSIFICATION NUMBER
Universal Decimal Classification number 821.353.1-1 З-78
245 ## - TITLE STATEMENT
Title Зов Алазани : Шедевры грузинской поэзии в переводах русских поэтов /
Statement of responsibility, etc. Под общей редакцией Владимира Хомерики ; Составление, предисловие и комментарии Михаила Синельникова ; Фонд "Единения русского и грузинского народа" (Фонд ЕРГН).
264 ## - PRODUCTION, PUBLICATION, DISTRIBUTION, MANUFACTURE, AND COPYRIGHT NOTICE
Place of production, publication, distribution, manufacture Москва :
Name of producer, publisher, distributor, manufacturer Фонд ЕРГН,
Date of production, publication, distribution, manufacture, or copyright notice 2013.
300 ## - PHYSICAL DESCRIPTION
Extent 560 стр. :
Other physical details [8] л. ил., портр. ;
Dimensions 21 см.
440 ## - SERIES STATEMENT/ADDED ENTRY--TITLE
Title Фонд "Единения русского и грузинского народа" (Фонд ЕРГН)
9 (RLIN) 22687
653 ## - INDEX TERM--UNCONTROLLED
keyword Зов Алазани.Шедевры грузинской поэзии в переводах русских поэтов
700 ## - ADDED ENTRY--PERSONAL NAME
Personal name Синельников, Михаил
Dates associated with a name
Relator term შემდგენელი
9 (RLIN) 22685
700 ## - ADDED ENTRY--PERSONAL NAME
Personal name Хомерики, Владимир Кириллович
Relator term რედაქტორი, პროექტის ხელმძღვანელი
9 (RLIN) 22686
942 ## - ADDED ENTRY ELEMENTS (KOHA)
Koha item type წიგნი
Source of classification or shelving scheme
ეგზემპლარები
Withdrawn status Lost status Source of classification or shelving scheme Damaged status Not for loan Permanent Location Current Location Shelving location Date acquired Full call number Barcode Date last seen Copy number Price effective from Koha item type
          ბათუმის შოთა რუსთაველის სახელმწიფო უნივერსიტეტის მთავარი ბიბლიოთეკა ბათუმის შოთა რუსთაველის სახელმწიფო უნივერსიტეტის მთავარი ბიბლიოთეკა წიგნსაცავი 2018-12-17 821.353.1-1 З-78 27056 2018-12-17 27056 2018-12-17 წიგნი